<?xml version="1.0" encoding="UTF-8"?>
<record
    xmlns:xsi="http://www.w3.org/2001/XMLSchema-instance"
    xsi:schemaLocation="http://www.loc.gov/MARC21/slim http://www.loc.gov/standards/marcxml/schema/MARC21slim.xsd"
    xmlns="http://www.loc.gov/MARC21/slim">

  <leader>00663nam a22001817a 4500</leader>
  <controlfield tag="003">CEME</controlfield>
  <controlfield tag="005">20210628202209.0</controlfield>
  <controlfield tag="008">210209b        xxu||||| |||| 00| 0 eng d</controlfield>
  <datafield tag="020" ind1=" " ind2=" ">
    <subfield code="a">0-8247-5628-2</subfield>
  </datafield>
  <datafield tag="040" ind1=" " ind2=" ">
    <subfield code="c">.</subfield>
  </datafield>
  <datafield tag="082" ind1=" " ind2=" ">
    <subfield code="a">530.141 HAN</subfield>
  </datafield>
  <datafield tag="100" ind1=" " ind2=" ">
    <subfield code="a">Bansal , Rajeev</subfield>
    <subfield code="9">58712</subfield>
  </datafield>
  <datafield tag="245" ind1=" " ind2=" ">
    <subfield code="a">Handbook of engineering electromagnetics</subfield>
  </datafield>
  <datafield tag="260" ind1=" " ind2=" ">
    <subfield code="a">NEW YORK</subfield>
    <subfield code="b">MARCEL DEKKER</subfield>
    <subfield code="c">2004</subfield>
  </datafield>
  <datafield tag="300" ind1=" " ind2=" ">
    <subfield code="a">X,706P</subfield>
  </datafield>
  <datafield tag="650" ind1=" " ind2=" ">
    <subfield code="a">ENGINEERING ELECTROMAGNETICS.APPLIED ELECTROSTATICS.MAGNETOSTATICS.WAVE PROPAGATION.TRANSMISSION LINES.WAVEGUIDES AND RESONATORS.ANTENNAS.RADAR.WIRELESS COMMUNICATION SYSTEMS.OPTICAL COMMUNICATION.NUMERICAL TECHNIQUES.</subfield>
    <subfield code="9">58713</subfield>
  </datafield>
  <datafield tag="942" ind1=" " ind2=" ">
    <subfield code="c">BK</subfield>
    <subfield code="2">ddc</subfield>
  </datafield>
  <datafield tag="999" ind1=" " ind2=" ">
    <subfield code="c">568845</subfield>
    <subfield code="d">568845</subfield>
  </datafield>
  <datafield tag="952" ind1=" " ind2=" ">
    <subfield code="0">0</subfield>
    <subfield code="1">0</subfield>
    <subfield code="4">0</subfield>
    <subfield code="7">0</subfield>
    <subfield code="a">CEME</subfield>
    <subfield code="b">CEME</subfield>
    <subfield code="c">REF</subfield>
    <subfield code="d">2017-07-17</subfield>
    <subfield code="l">0</subfield>
    <subfield code="o">530.141 HAN</subfield>
    <subfield code="p">CEME-40851</subfield>
    <subfield code="r">2021-06-28</subfield>
    <subfield code="w">2021-06-28</subfield>
    <subfield code="y">BK</subfield>
  </datafield>
</record>
